000 00767nas a2200253 4500
001 BR9502793
003 BR-BrBNA
005 20231205094020.0
007 ta
008 230509b bl.|||p| |||| 00| 00por d
040 _aBR-BrBNA
_bpor
_cBiblioteca Nacional de Agricultura
041 _a(Pt)
072 _aF04
100 1 _aSpironelo, A.
245 1 _aContribuicao do Instituto Agronomico de Campinas (IAC)para a nutricao e adubacao da cana-de-acucar. 3. Adubacao NPK em socas
650 _aCana de Acucar
650 _aSoca
650 _aNPK
650 _aFertilizante
650 _aAdubacao
773 0 _tSTAB (Brazil)
_xISSN 0102-1214
_g(Jan-Apr 1990), v. 8(3-4) p. 10-12
_wBR9502793
909 _a202311
_bLúcia
_c55
_dLúcia Elande
942 _2AGRIS
_n0
_cANA
999 _c141609
_d141609